Statistics for Milwaukee Bucks NBA Awards Winners

Click here to take the quiz!

General Stats

  • This quiz has been taken 412 times
    (390 since last reset)
  • The average score is 4 of 7

Answer Stats

Player% Correct
Giannis Antetokounmpo
100%
Kareem Abdul-Jabbar
99%
Malcolm Brogdon
73%
SIdney Moncrief
72%
Mike Budenholzer
59%
Ricky Pierce
13%
Don Nelson
11%

Score Distribution

Percentile by Number Answered

Percent of People with Each Score

Your Score History

You have not taken this quiz since the last reset